[Event "Hastings International Chess Congress"]
[Site "?"]
[Date "2012.12.30"]
[Round "3.6"]
[White "Byron, Alan M"]
[Black "Stonehouse, Tom H"]
[Result "1-0"]
[WhiteElo "2167"]
[BlackElo "1922"]
[PlyCount "87"]
[EventDate "2012.??.??"]
[TimeControl "6600+1040"]
[WhiteClock "0:00:56"]
[BlackClock "0:26:15"]

1. e4 e5 2. Nf3 Nc6 3. Bb5 a6 4. Ba4 Nf6 5. O-O Be7 6. Re1 b5 7. Bb3 O-O 8. h3
d6 9. c3 Na5 10. Bc2 c5 11. d4 Qc7 12. Nbd2 Nc6 13. d5 Nb8 14. a4 Ra7 15. Nf1
Nbd7 16. a5 c4 17. g4 Nc5 18. Ng3 g6 19. Bh6 Rd8 20. Qd2 Ne8 21. Kh2 Ng7 22.
Rg1 Bf8 23. Rg2 f6 24. g5 Qd7 25. Rh1 Qxh3+ 26. Kg1 Qg4 27. Qe3 Qf4 28. gxf6
Qxe3 29. Bxe3 Ne8 30. Bxc5 dxc5 31. Nxe5 Nxf6 32. Nc6 Rdd7 33. Nxa7 Rxa7 34.
Nf5 Kf7 35. Ne3 Re7 36. f3 Ke8 37. Kf2 Nh5 38. Rxh5 gxh5 39. Rh2 Bg7 40. Rxh5
Be5 41. Nf5 Bxf5 42. Rxf5 b4 43. f4 Bc7 44. Ba4+ 1-0

[Event "Hastings International Chess Congress"]
[Site "?"]
[Date "2012.12.30"]
[Round "3.7"]
[White "Maroroa, WIM Sue"]
[Black "Rayner, Francis"]
[Result "0-1"]
[WhiteElo "2037"]
[BlackElo "2166"]
[PlyCount "58"]
[EventDate "2012.??.??"]
[TimeControl "6600+925"]
[WhiteClock "0:20:54"]
[BlackClock "0:14:23"]

1. e4 c5 2. Nf3 e6 3. g3 Nc6 4. Bg2 Nf6 5. Qe2 Qc7 6. O-O Be7 7. c3 d5 8. d3 b6
9. Bf4 Qd8 10. Na3 Bb7 11. e5 Nd7 12. h4 Nf8 13. Bg5 a6 14. c4 h6 15. Bd2 g5
16. h5 Qc7 17. Rfe1 O-O-O 18. Rac1 d4 19. Nc2 Nd7 20. g4 Rhf8 21. a3 f5 22.
exf6 Rxf6 23. b4 Rdf8 24. bxc5 Nxc5 25. Rf1 Rxf3 26. Bxf3 Rxf3 27. Qxf3 Ne5 28.
Qe2 Nf3+ 29. Kg2 Qh2# 0-1

[Event "Hastings International Chess Congress"]
[Site "?"]
[Date "2012.12.30"]
[Round "3.8"]
[White "Grant, Alan G"]
[Black "Dennis, Nigel W"]
[Result "1-0"]
[WhiteElo "2165"]
[BlackElo "1904"]
[PlyCount "75"]
[EventDate "2012.??.??"]
[TimeControl "6600+770"]
[WhiteClock "0:17:04"]
[BlackClock "0:26:49"]

1. c4 Nf6 2. g3 g6 3. Bg2 Bg7 4. Nc3 d6 5. d3 O-O 6. Bg5 c5 7. Qd2 Nc6 8. Nf3
a6 9. O-O Rb8 10. a4 Nd4 11. Rab1 Nxf3+ 12. Bxf3 Bh3 13. Rfc1 Qd7 14. b4 Rfc8
15. Bxf6 Bxf6 16. Nd5 b5 17. a5 Qf5 18. Be4 Qe6 19. Nb6 Rc7 20. cxb5 axb5 21.
Nd5 Rcc8 22. a6 Qd7 23. Nxf6+ exf6 24. Bb7 Rxb7 25. axb7 Qxb7 26. f3 cxb4 27.
Rxc8+ Qxc8 28. Qxb4 Qc2 29. Kf2 Bd7 30. d4 d5 31. Ra1 Kg7 32. Ra8 f5 33. Qf8+
Kf6 34. Qh8+ Kg5 35. Qxh7 f4 36. Qh4+ Kf5 37. Qxf4+ Ke6 38. Qe5# 1-0

[Event "Hastings International Chess Congress"]
[Site "?"]
[Date "2012.12.30"]
[Round "3.9"]
[White "Taylor, Adam C"]
[Black "Flear, WIM Christine"]
[Result "1/2-1/2"]
[WhiteElo "1946"]
[BlackElo "2156"]
[PlyCount "38"]
[EventDate "2012.??.??"]
[TimeControl "6600+1155"]
[WhiteClock "0:21:50"]
[BlackClock "0:23:36"]

1. c4 e5 2. g3 Nc6 3. Nc3 g6 4. Bg2 Bg7 5. e4 d6 6. Nge2 Be6 7. Nd5 Qd7 8. d3
Rc8 9. h4 h6 10. Be3 Nf6 11. f3 b6 12. Qd2 h5 13. Rc1 O-O 14. Bh6 Nh7 15. Bxg7
Kxg7 16. d4 Nxd4 17. Nxd4 exd4 18. Qxd4+ f6 19. Nf4 Rce8 1/2-1/2

[Event "Hastings International Chess Congress"]
[Site "?"]
[Date "2012.12.30"]
[Round "3.10"]
[White "Anderson, John"]
[Black "Kvisla, Johannes Luangtep"]
[Result "1/2-1/2"]
[WhiteElo "2161"]
[BlackElo "2148"]
[PlyCount "84"]
[EventDate "2012.??.??"]
[TimeControl "6600+770"]
[WhiteClock "0:03:47"]
[BlackClock "0:30:07"]

1. e4 c5 2. Nf3 a6 3. g3 b5 4. Bg2 Bb7 5. d3 g6 6. Be3 Bg7 7. Qc1 d6 8. Nc3 e6
9. O-O Nc6 10. Ne2 Nge7 11. Bh6 O-O 12. h4 Ne5 13. Nh2 Bxh6 14. Qxh6 f5 15. Qe3
N7c6 16. h5 Qf6 17. hxg6 hxg6 18. exf5 exf5 19. Nf4 Rae8 20. Rae1 Nd8 21. Bxb7
Nxb7 22. Qd2 Qf7 23. Nh3 Nd8 24. Ng5 Qxa2 25. Ra1 Qxb2 26. Rxa6 Ndf7 27. Nxf7
Nxf7 28. Nf3 Ra8 29. Rxa8 Rxa8 30. Re1 Ra1 31. Rxa1 Qxa1+ 32. Kh2 Ne5 33. Nxe5
Qxe5 34. Qg5 Kf7 35. Qd8 b4 36. Qd7+ Qe7 37. Qc6 Kg7 38. Kg2 Kf6 39. Qc8 Qe6
40. Qf8+ Ke5 41. Qh8+ Kd5 42. Qa8+ Ke5 1/2-1/2

[Event "Hastings Masters"]
[Site "Hastings, England"]
[Date "2012.12.30"]
[Round "3"]
[White "Spanton, Tim R"]
[Black "Knott, Simon J B"]
[Result "0-1"]
[WhiteElo "2020"]
[BlackElo "2325"]
[PlyCount "66"]
[EventDate "2012.??.??"]

1. c4 Nf6 2. g3 g6 3. Bg2 d5 4. cxd5 Nxd5 5. Qb3 Nb6 6. Qc3 f6 7. Nf3 Nc6 8.
O-O e5 9. d3 Be6 10. Bd2 Qd7 11. Na3 O-O-O 12. Rfc1 g5 13. Ne1 Nd4 14. Kf1 Bd5
15. e4 Be6 16. Be3 c6 17. Qa5 Kb8 18. b4 h5 19. Bxd4 Qxd4 20. Nac2 Qd7 21. b5
c5 22. Ne3 h4 23. Rc3 g4 24. Ra3 Nc8 25. b6 axb6 26. Qa8+ Kc7 27. Nd5+ Bxd5 28.
exd5 Bd6 29. Rb1 hxg3 30. hxg3 Rh2 31. d4 exd4 32. Nd3 Qh7 33. Nf4 Qxb1+ 0-1

[Event "Hastings Masters"]
[Site "Hastings, England"]
[Date "2012.12.30"]
[Round "3"]
[White "Flynn, David"]
[Black "Haydon, David L"]
[Result "0-1"]
[WhiteElo "1921"]
[BlackElo "2315"]
[PlyCount "56"]
[EventDate "2012.??.??"]

1. e4 Nc6 2. d4 d5 3. e5 Bf5 4. c3 Qd7 5. Nd2 f6 6. f4 e6 7. Ngf3 fxe5 8. fxe5
Be7 9. Bb5 Nh6 10. b4 O-O 11. Nb3 a6 12. Be2 a5 13. a3 Qe8 14. O-O axb4 15.
Bxh6 gxh6 16. axb4 Qg6 17. Qd2 Rxa1 18. Rxa1 Be4 19. Kh1 b6 20. Qe3 Nd8 21. Ra7
Bxf3 22. gxf3 Bg5 23. Qg1 Rf7 24. Qa1 Rg7 25. Qb1 Qh5 26. Qc2 Bf4 27. Bd1 Qh3
28. Qe2 Bxh2 0-1

[Event "Hastings Masters"]
[Site "Hastings, England"]
[Date "2012.12.30"]
[Round "3"]
[White "Tarhon, Brian"]
[Black "Furman, Boris"]
[Result "0-1"]
[WhiteElo "1844"]
[BlackElo "2237"]
[PlyCount "87"]
[EventDate "2012.??.??"]

1. e4 c5 2. Nf3 Nc6 3. d4 cxd4 4. Nxd4 Nf6 5. Nc3 d6 6. f3 e5 7. Nb3 Be7 8. Be3
O-O 9. Qd2 a5 10. Bb5 Na7 11. Bd3 Be6 12. Rd1 Nc8 13. O-O a4 14. Nc1 a3 15. b3
Qa5 16. Nd5 Bxd5 17. exd5 Bd8 18. c4 Bb6 19. Bxb6 Qxb6+ 20. Kh1 Ne7 21. Ne2 Ng6
22. Qc2 Rfe8 23. Nc3 Qb4 24. g3 Rac8 25. Qd2 Qc5 26. Kg2 Re7 27. Be4 Ne8 28.
Na4 Qa7 29. Qb4 Rec7 30. Qxa3 b5 31. cxb5 Rc2+ 32. Bxc2 Rxc2+ 33. Kh1 Qe3 34.
Qc1 Rxc1 35. Rxc1 Qd3 36. b6 Qxd5 37. Rc8 Kf8 38. Rfc1 Qxf3+ 39. Kg1 Ne7 40.
R8c3 Qe4 41. Nb2 Qd4+ 42. Kh1 Qxb6 43. a4 Nd5 44. Rd3 0-1

[Event "Hastings Masters"]
[Site "Hastings, England"]
[Date "2012.12.30"]
[Round "3"]
[White "Higgs, Joshua"]
[Black "Talsma, Paul"]
[Result "0-1"]
[WhiteElo "1792"]
[BlackElo "2229"]
[PlyCount "49"]
[EventDate "2012.??.??"]

1. e4 e5 2. Nf3 Nc6 3. d4 exd4 4. Bc4 Nf6 5. O-O Nxe4 6. Re1 d5 7. Bxd5 Qxd5 8.
Nc3 Qh5 9. Nxe4 Be6 10. Bg5 Bd6 11. Nxd6+ cxd6 12. Bf4 Qc5 13. Ng5 O-O 14. Ne4
Qd5 15. Bxd6 Rfd8 16. Bf4 Bf5 17. Ng3 Bg6 18. Qd2 Qc4 19. c3 dxc3 20. Qc1 Nb4
21. b3 Qc6 22. Rf1 Nd3 23. Qe3 Re8 24. Qd4 Rad8 25. Qxa7 0-1

[Event "Hastings Masters"]
[Site "Hastings, England"]
[Date "2012.12.30"]
[Round "3"]
[White "Willson, Ollie"]
[Black "Steil-Antoni, Fiona"]
[Result "0-1"]
[WhiteElo "1650"]
[BlackElo "2169"]
[PlyCount "120"]
[EventDate "2012.??.??"]

1. c4 e6 2. Nf3 Nf6 3. Nc3 d5 4. e3 Be7 5. d4 O-O 6. Bd3 b6 7. O-O Bb7 8. b3 c5
9. Bb2 Nc6 10. cxd5 exd5 11. Rc1 Re8 12. Qe1 Rc8 13. a3 Bf8 14. Bc2 a6 15. Ne2
cxd4 16. Nexd4 Nxd4 17. Nxd4 g6 18. b4 Bg7 19. Qe2 Qd7 20. b5 a5 21. Bb3 Ne4
22. Rfd1 Nc5 23. Ba2 Na4 24. Ba1 Rxc1 25. Rxc1 Rc8 26. Qd2 Nc5 27. Nc6 Bxa1 28.
Rxa1 Bxc6 29. bxc6 Rxc6 30. Qxd5 Qxd5 31. Bxd5 Rd6 32. Rd1 Kf8 33. Bf3 Ke7 34.
Kf1 Rxd1+ 35. Bxd1 Kd6 36. Bf3 Na4 37. Bd1 Nc3 38. Bb3 f6 39. Ke1 Kc5 40. Bc2
Nb5 41. a4 Nc3 42. f4 Kb4 43. e4 Nxa4 44. g4 Nc5 45. f5 gxf5 46. exf5 Kc3 47.
Kd1 h6 48. h4 b5 49. Kc1 a4 50. g5 fxg5 51. hxg5 hxg5 52. f6 Nd7 53. f7 Nf8 54.
Bd1 a3 55. Kb1 Kd2 56. Bf3 Ke3 57. Bc6 b4 58. Ka2 g4 59. Kb3 g3 60. Bd5 Kf2 0-1

[Event "Hastings Masters"]
[Site "Hastings, England"]
[Date "2012.12.30"]
[Round "3"]
[White "Cekulis, Maris"]
[Black "Murphy, Conor E"]
[Result "0-1"]
[WhiteElo "1811"]
[BlackElo "1956"]
[PlyCount "66"]
[EventDate "2012.??.??"]

1. d4 d5 2. c4 e6 3. Nc3 c6 4. Nf3 dxc4 5. e3 b5 6. a4 Bb4 7. Bd2 a5 8. axb5
Bxc3 9. Bxc3 cxb5 10. b3 Bb7 11. bxc4 b4 12. Bb2 Nf6 13. c5 O-O 14. Bb5 Bd5 15.
O-O Nc6 16. Nd2 Qc7 17. f3 Rfb8 18. Ba4 Ne7 19. e4 Bb7 20. Rf2 Ba6 21. Rc1 Rd8
22. Nc4 Bxc4 23. Rxc4 Nc6 24. Rd2 Rac8 25. Kh1 Qf4 26. g3 Qg4 27. f4 Qg6 28. f5
Qg4 29. d5 exd5 30. exd5 Qxf5 31. Bxc6 Rxc6 32. dxc6 Rxd2 33. Qxd2 Qf1# 0-1

[Event "Hastings Masters"]
[Site "Hastings, England"]
[Date "2012.12.30"]
[Round "3"]
[White "Pooley, Mark C"]
[Black "Kwiatkowski, Feliks J"]
[Result "1/2-1/2"]
[WhiteElo "1693"]
[BlackElo "2232"]
[PlyCount "48"]
[EventDate "2012.??.??"]

1. e4 Nc6 2. Nf3 d6 3. d4 Nf6 4. Nc3 a6 5. h3 e6 6. Bg5 Be7 7. e5 Nd7 8. Bxe7
Qxe7 9. exd6 cxd6 10. Qe2 d5 11. a3 Nb6 12. Qe3 Nc4 13. Bxc4 dxc4 14. O-O b5
15. Rfe1 O-O 16. Rad1 Re8 17. d5 exd5 18. Qxe7 Rxe7 19. Nxd5 Rxe1+ 20. Rxe1 Bb7
21. Ne7+ Kf8 22. Nxc6 Bxc6 23. Nd4 Bd7 24. c3 Rc8 1/2-1/2

[Event "Hastings Masters"]
[Site "Hastings, England"]
[Date "2012.12.30"]
[Round "3"]
[White "Mitchell, Robert"]
[Black "Clayton, Tristan"]
[Result "1/2-1/2"]
[WhiteElo "1690"]
[BlackElo "1830"]
[PlyCount "118"]
[EventDate "2012.??.??"]

1. d4 d5 2. Nf3 Nf6 3. e3 Bg4 4. Be2 e6 5. O-O Bd6 6. Nbd2 O-O 7. h3 Bh5 8. Re1
Nbd7 9. c3 c5 10. Nf1 Qc7 11. N3d2 Bxe2 12. Qxe2 Ne4 13. Nxe4 dxe4 14. f4 f5
15. Bd2 Nb6 16. Rac1 c4 17. Qd1 Nd5 18. g3 b5 19. Re2 a5 20. Rg2 Qe7 21. a3
Rac8 22. Ra1 Rc7 23. Kh2 Kh8 24. Be1 Rb8 25. Rc2 Ra7 26. Qe2 Rc8 27. Rcc1 Rac7
28. Bd2 Qf6 29. Qh5 g6 30. Qe2 Qg7 31. Qf2 g5 32. Rc2 Qh6 33. Re1 Nf6 34. Qg2
Rg8 35. Kh1 Nh5 36. Bc1 a4 37. Qh2 Nf6 38. Rf2 Rcg7 39. Ree2 Nd5 40. Rg2 Rg6
41. Ref2 Qh5 42. h4 gxh4 43. Qxh4 Qxh4+ 44. gxh4 Rh6 45. Rxg8+ Kxg8 46. Rh2 Be7
47. h5 Nf6 48. Ng3 Ng4 49. Rg2 Bh4 50. Nxe4 Rxh5 51. Kg1 Be7 52. Nf2 Rh4 53.
Nxg4 Rxg4 54. Rxg4+ fxg4 55. e4 Kg7 56. Be3 Kg6 57. Kg2 h5 58. Bf2 Bd6 59. Kg3
Be7 1/2-1/2

[Event "Hastings Masters"]
[Site "Hastings, England"]
[Date "2012.12.30"]
[Round "3"]
[White "Kent, Paul"]
[Black "Gibbs, Daniel C"]
[Result "0-1"]
[WhiteElo "1596"]
[BlackElo "1795"]
[PlyCount "118"]
[EventDate "2012.??.??"]

1. Nf3 g6 2. d4 Bg7 3. e4 d6 4. Bd3 Nc6 5. c3 e5 6. Be3 Nf6 7. h3 O-O 8. Nbd2
a6 9. O-O b5 10. d5 Ne7 11. a4 Bd7 12. axb5 axb5 13. Qe2 c6 14. dxc6 Bxc6 15.
b4 Qc7 16. Rfc1 Qb7 17. Bg5 h6 18. Bxf6 Bxf6 19. Nb3 Rxa1 20. Rxa1 Qd7 21. Ra5
Rb8 22. Qe3 Kg7 23. Qe2 Nc8 24. Nfd2 Bd8 25. Ra1 Nb6 26. Nf1 Na4 27. Qe1 Qb7
28. Bc2 Ra8 29. Ng3 h5 30. Nc1 Nb6 31. Rxa8 Qxa8 32. Bd3 h4 33. Nf1 Bg5 34. f3
Qa1 35. Ne3 Bxe3+ 36. Qxe3 Qxc3 37. Ne2 Qe1+ 38. Kh2 Nc4 39. Qc1 Qxc1 40. Nxc1
d5 41. exd5 Bxd5 42. Ne2 Nd6 43. Nc3 Bc6 44. Kg1 f5 45. Kf2 e4 46. Be2 Kf6 47.
fxe4 fxe4 48. Ke3 Ke5 49. Bf1 Nf5+ 50. Kd2 Nd4 51. Ke3 Nc2+ 52. Kd2 Nxb4 53.
Bxb5 Bxb5 54. Nxb5 Kf4 55. Nd4 e3+ 56. Ke2 Nd5 57. Kf1 Nc3 58. Ne6+ Kg3 59. Ke1
Nd5 0-1

[Event "Hastings Masters"]
[Site "Hastings, England"]
[Date "2012.12.30"]
[Round "3"]
[White "Shierlaw, Hamish"]
[Black "Gunn, Michael J"]
[Result "1/2-1/2"]
[WhiteElo "1582"]
[BlackElo "1772"]
[PlyCount "82"]
[EventDate "2012.??.??"]

1. e4 e6 2. d4 d5 3. Nd2 Nf6 4. e5 Nfd7 5. Ngf3 c5 6. c3 Nc6 7. Be2 cxd4 8.
cxd4 f6 9. exf6 Nxf6 10. O-O Bd6 11. Nb3 O-O 12. Bg5 Qe7 13. Rc1 Bd7 14. a3
Rac8 15. Qd3 Be8 16. Rfe1 Bg6 17. Qd1 Qf7 18. Rf1 Ne4 19. Be3 Bf4 20. Bb5 Bh6
21. Bxc6 bxc6 22. Ne5 Qe8 23. Na5 c5 24. dxc5 Bh5 25. Qe1 Qb5 26. Bxh6 gxh6 27.
Qb4 Be2 28. Qxb5 Bxb5 29. Rfe1 Nxc5 30. b4 Nd7 31. Nxd7 Bxd7 32. Nb3 Rxc1 33.
Rxc1 Rc8 34. Rxc8+ Bxc8 35. Kf1 Kf7 36. Ke2 e5 37. Nc5 Ke7 38. Kd3 Kd6 39. Kc3
Bf5 40. Nb7+ Kc7 41. Nc5 Kd6 1/2-1/2